<?xml version="1.0" encoding="UTF-8"?>
<marc:record xmlns:marc="http://www.loc.gov/MARC21/slim">
   <marc:leader>00000nam a2200000 a 4500</marc:leader>
   <marc:datafield ind1="1" ind2=" " tag="100">
      <marc:subfield code="a">Hoßfeld, Dagmar</marc:subfield>
      <marc:subfield code="4">aut</marc:subfield>
      <marc:subfield code="e">Verfasser/-in</marc:subfield>
   </marc:datafield>
   <marc:datafield ind1=" " ind2=" " tag="653">
      <marc:subfield code="a">Pony</marc:subfield>
   </marc:datafield>
   <marc:datafield ind1="0" ind2="0" tag="245">
      <marc:subfield code="a">Kleines Fohlen, großes Glück</marc:subfield>
   </marc:datafield>
   <marc:datafield ind1=" " ind2="1" tag="264">
      <marc:subfield code="b">Benzinger-Ed. im Arena-Verl.</marc:subfield>
      <marc:subfield code="c">2003</marc:subfield>
   </marc:datafield>
   <marc:datafield ind1="1" ind2=" " tag="490">
      <marc:subfield code="a">Der Pony Fanklub</marc:subfield>
   </marc:datafield>
   <marc:datafield ind1="1" ind2=" " tag="520">
      <marc:subfield code="a">Klara, Rike, Timm und Momo jubeln: Simmi erwartet ein Fohlen! Doch einen Tag vor Momos Geburtstagsparty ist die Isländerstute pöltzlich verschwunden. Heimlich macht sich Momo auf die Suche nach seinem Lieblingspferd. Bis zur Erschöpfung stromert er duch den winterlichen Wald. Währenddessen hat Simmi fern von den Menschen ihr Hengstfohlen zur Welt gebracht. Und das Neugeborene braucht dringend Hilfe....</marc:subfield>
   </marc:datafield>
   <marc:datafield ind1="3" ind2=" " tag="024">
      <marc:subfield code="a">3401451030</marc:subfield>
   </marc:datafield>
</marc:record>
